Normal view
MARC view
Entry Topical Term
001 - CONTROL NUMBER
- control field: 24567
003 - CONTROL NUMBER IDENTIFIER
- control field: OSt
005 - DATE AND TIME OF LATEST TRANSACTION
- control field: 20230529094340.0
008 - FIXED-LENGTH DATA ELEMENTS
- fixed length control field: 230529|| aca||aabn | a|a d
040 ## - CATALOGING SOURCE
- Original cataloging agency: OSt
- Transcribing agency: OSt
150 ## - HEADING--TOPICAL TERM
- Topical term or geographic name entry element: ဝွၵ်း - ပုတ်ႉထၽႃႇသႃႇ
670 ## - SOURCE DATA FOUND
- Source citation: Work cat.: (OSt)24839: ၼၼ်ႇတိယ(ပၢင်လူင်)၊ ၸဝ်ႈ။ 24566, ဝွၵ်းၵႂၢမ်းသင်ႇသွၼ် /, 2014 ။